000 00324nam a2200157Ia 4500
100 _aMahatme/A.V
650 _aElectromagnetics
942 _cBK
366 _f20
245 _aFundamentals of Electromagnetics
260 _bUSP
_c2015
082 _bMAH
300 _a339
546 _aENGLISH
_cPAMPHALETS
999 _c22436
_d22436